Flora de los páramos y bosques alto andinos del noroccidente medio de Antioquia / (Registro nro. 3466)
[ vista simple ]
| 000 -CABECERA | |
|---|---|
| Campo de control | 01136nam a2200265 a 4500 |
| 005 - FECHA Y HORA DE LA ULTIMA TRANSACCION | |
| Campo de control | 20160405020002.0 |
| 008 - ELEMENTOS DE LONGITUD FIJA—INFORMACION GENERAL | |
| Campo de control | 140311b2002 ck |||||r|||| 00| 0 spa d |
| 020 ## - ISBN | |
| ISBN | 9589663982 |
| 040 ## - FUENTE DE CATALOGACIÓN | |
| Agencia catalogadora original | CO-BoIAVH |
| Agencia transcriptora | CO-BoIAVH |
| 041 0# - IDIOMA | |
| Código de idioma para texto/pista de sonido o título separado | Español |
| 044 ## - PAÍS DE PUBLICACIÓN | |
| País de publicación | Colombia |
| 082 04 - NUMERO DE CLASIFICACION DECIMAL DEWEY | |
| Número de clasificación | 585.09861 |
| Número del ítem | T68f |
| 090 ## - CLASIFICACIÓN LOCAL | |
| Colección | LB |
| Consecutivo | 03218 |
| 100 1# - ASIENTO PRINCIPAL--NOMBRE PERSONAL | |
| Nombre personal | Toro Trujillo, Juan Lázaro |
| 9 (RLIN) | 20113 |
| 245 10 - MENCION DE TITULO | |
| Título | Flora de los páramos y bosques alto andinos del noroccidente medio de Antioquia / |
| Mención de responsabilidad | Juan Lázaro Toro Murillo, Gloria Lucelly Vanegas Alzate y Nicolás Peláez Restrepo |
| 260 ## - PUBLICACION, DISTRIBUCION, ETC. (PIE DE IMPRENTA) | |
| Lugar de publicación, distribución, etc. | Medellín : |
| Nombre del editor, distribuidor, etc. | CORANTIOQUIA, |
| Fecha de publicación, distribución, etc. | 2002. |
| 300 ## - DESCRIPCION FISICA | |
| Extensión | 180 páginas : |
| Otros detalles físicos | ilustraciones ; |
| Dimensiones | 23 x 16 cm. |
| 650 #4 - ASIENTO SECUNDARIO DE MATERIA - TERMINO TEMATICO | |
| Término temático o nombre geográfico como elemento de entrada | Páramos |
| Subdivisión general | Flora |
| Subdivisión geográfica | Antioquia (Departamento, Colombia) |
| 9 (RLIN) | 43877 |
| 650 #4 - ASIENTO SECUNDARIO DE MATERIA - TERMINO TEMATICO | |
| Término temático o nombre geográfico como elemento de entrada | Páramos |
| Subdivisión general | Flora |
| -- | Caracterización |
| Subdivisión geográfica | Antioquia (Departamento, Colombia) |
| 9 (RLIN) | 43878 |
| 650 #4 - ASIENTO SECUNDARIO DE MATERIA - TERMINO TEMATICO | |
| Término temático o nombre geográfico como elemento de entrada | Bosques Altoandinos |
| Subdivisión general | Flora |
| Subdivisión geográfica | Antioquia (Departamento, Colombia) |
| 9 (RLIN) | 43879 |
| 650 #4 - ASIENTO SECUNDARIO DE MATERIA - TERMINO TEMATICO | |
| Término temático o nombre geográfico como elemento de entrada | Bosques Altoandinos |
| Subdivisión general | Flora |
| -- | Caracterización |
| Subdivisión geográfica | Antioquia (Departamento, Colombia) |
| 9 (RLIN) | 43880 |
| 700 1# - ASIENTO SECUNDARIO - NOMBRE PERSONAL | |
| Nombre personal | Vanegas Alzate, Gloria Lucelly |
| 9 (RLIN) | 20114 |
| 710 1# - ASIENTO SECUNDARIO - NOMBRE CORPORATIVO | |
| Nombre corporativo o de jurisdicción como elemento de entrada | Peláez Restrepo, Nicolás |
| 9 (RLIN) | 43872 |
| 942 ## - ELEMENTOS ADICIONALES (KOHA) | |
| Sistema de clasificación | Dewey Decimal Classification |
| Tipo de ítem | Libro |
| Koha issues (borrowed), all copies | 1 |
| Withdrawn status | Lost status | Sistema de Clasificación | Damaged status | No para préstamo | Colección | Inventariado | Ubicación Permanente | Ubicación actual | Fecha de adquisición | Fuente de Valor | Valor | Total Checkouts | Número topográfico | Inventario / Código de Barras | Date last seen | Date checked out | Ejemplar | Price effective from | Forma de adquisición | Tipo de material |
|---|---|---|---|---|---|---|---|---|---|---|---|---|---|---|---|---|---|---|---|---|
| Dewey Decimal Classification | General | Inventariado 2017 | Bogotá | Bogotá | 04/12/2012 | Instituto | 15000.00 | 2 | LB-585.09861 T68f | 004267 | 04/04/2016 | 04/04/2016 | Ej. 1 | 04/12/2012 | Libro |